Město pro každého : Manuál urbanisty začátečníka /

Salvato in:
Dettagli Bibliografici
Autore principale: Okamura, Osamu (Autore)
Altri autori: Böhm, David (Illustratore), Franta, Jiří (Illustratore)
Natura: Libro
Lingua:ceco
Pubblicazione: Praha : Raketa v nakladatelství Labyrint, 2020
Edizione:1. vydanie
Soggetti:
Tags: Aggiungi Tag
Nessun Tag, puoi essere il primo ad aggiungerne!!

MARC

LEADER 00000nam a22000003a 4500
001 0094546
003 SK-STU
005 20220531131821.7
007 ta
008 220318s ----xo-----e------000-0-----d
020 |a 978-80-86803-67-8 
040 |a STU  |b slo 
041 0 |a cze 
044 |a xr 
100 1 |a Okamura, Osamu  |4 aut 
245 1 0 |a Město pro každého :  |b Manuál urbanisty začátečníka /  |c aut. Osamu Okamura ; ilustr. David Böhm, Jiří Franta 
250 |a 1. vydanie 
260 |a Praha :  |b Raketa v nakladatelství Labyrint,  |c 2020 
300 |a 76 s. 
650 0 7 |a urbanizmus a územné plánovanie 
650 0 7 |a mestský verejný priestor 
650 0 7 |a doprava 
650 0 7 |a bývanie 
650 0 7 |a životné prostredie miest 
650 0 7 |a suburbanizácia 
650 0 7 |a mesto 
650 0 7 |a architektonický model 
700 1 |a Böhm, David  |4 ill 
700 1 |a Franta, Jiří  |4 ill 
996 |b 284AU09301  |c A* 12614/U  |l AAKNST  |s P  |a 0  |w 0094546_0001 
996 |b 284AU09302  |c A* 12615/U  |l AAKNAR  |s A  |a 24  |w 0094546_0002 
996 |b 284AU10118  |c A* 13432/U  |l AAKNAR  |s A  |a 24  |w 0094546_0003 
996 |b 284AU10119  |c A* 13433/U  |l AAKNAR  |s A  |a 24  |w 0094546_0004